[Event "April 9 Early 2024"]
[Site "Chess.com"]
[Date "2024.04.09"]
[Round "11"]
[White "Adireddy Arjun"]
[Black "Codrut-Constantin Florescu"]
[Result "0-1"]
[Board "56"]
[WhiteFideId "25647709"]
[BlackFideId "1202200"]
[WhiteTitle "FM"]
[BlackTitle "IM"]
[WhiteElo "2670"]
[BlackElo "2568"]
[WhiteTeam "IND"]
[BlackTeam "ROU"]
[WhiteClock "0:00:00"]
[BlackClock "0:01:09"]
[Variant "Standard"]

1. e4 {[%clk 0:03:00]}  c5 {[%clk 0:02:59]} 2. Nf3 {[%clk 0:03:00]}  e6 {[%clk 0:03:00]} 3. d4 {[%clk 0:03:01]}  cxd4 {[%clk 0:03:00]} 4. Nxd4 {[%clk 0:03:02]}  Nf6 {[%clk 0:03:00]} 5. Nc3 {[%clk 0:02:56]}  d6 {[%clk 0:03:00]} 6. Be3 {[%clk 0:02:54]}  a6 {[%clk 0:02:59]} 7. a4 {[%clk 0:02:52]}  Nc6 {[%clk 0:02:59]} 8. Be2 {[%clk 0:02:49]}  Be7 {[%clk 0:02:58]} 9. O-O {[%clk 0:02:49]}  O-O {[%clk 0:02:59]} 10. Qd2 {[%clk 0:02:50]}  Bd7 {[%clk 0:02:59]} 11. f4 {[%clk 0:02:51]}  Qc7 {[%clk 0:02:58]} 12. Rf3 {[%clk 0:02:40]}  Ng4 {[%clk 0:02:56]} 13. Nxc6 {[%clk 0:02:38]}  Bxc6 {[%clk 0:02:55]} 14. Bd4 {[%clk 0:02:36]}  e5 {[%clk 0:02:55]} 15. Bf2 {[%clk 0:02:35]}  Nxf2 {[%clk 0:02:55]} 16. Rxf2 {[%clk 0:02:36]}  exf4 {[%clk 0:02:55]} 17. Qxf4 {[%clk 0:02:37]}  Bf6 {[%clk 0:02:53]} 18. Rf3 {[%clk 0:02:05]}  Be5 {[%clk 0:02:52]} 19. Qe3 {[%clk 0:02:03]}  Rae8 {[%clk 0:02:47]} 20. Raf1 {[%clk 0:01:59]}  Re6 {[%clk 0:02:39]} 21. Bc4 {[%clk 0:01:51]}  Rf6 {[%clk 0:02:39]} 22. Rxf6 {[%clk 0:01:46]}  Bxf6 {[%clk 0:02:39]} 23. Bd5 {[%clk 0:00:39]}  Be5 {[%clk 0:02:36]} 24. Bxc6 {[%clk 0:00:26]}  bxc6 {[%clk 0:02:35]} 25. b3 {[%clk 0:00:22]}  Qb7 {[%clk 0:02:31]} 26. Nd1 {[%clk 0:00:19]}  Qb4 {[%clk 0:02:30]} 27. Kh1 {[%clk 0:00:20]}  Qd4 {[%clk 0:02:18]} 28. Qf3 {[%clk 0:00:13]}  Qd2 {[%clk 0:02:16]} 29. Qf2 {[%clk 0:00:12]}  Qg5 {[%clk 0:02:13]} 30. Ne3 {[%clk 0:00:11]}  g6 {[%clk 0:02:12]} 31. Nc4 {[%clk 0:00:10]}  Kg7 {[%clk 0:02:05]} 32. g3 {[%clk 0:00:05]}  h5 {[%clk 0:02:02]} 33. Qf3 {[%clk 0:00:05]}  Qe7 {[%clk 0:01:54]} 34. Rd1 {[%clk 0:00:05]}  Re8 {[%clk 0:01:52]} 35. Qd3 {[%clk 0:00:05]}  h4 {[%clk 0:01:45]} 36. Nxe5 {[%clk 0:00:03]}  Qxe5 {[%clk 0:01:44]} 37. Qd4 {[%clk 0:00:03]}  hxg3 {[%clk 0:01:39]} 38. hxg3 {[%clk 0:00:03]}  Kf6 {[%clk 0:01:28]} 39. Rf1+ {[%clk 0:00:01]}  Kg7 {[%clk 0:01:25]} 40. Qxe5+ {[%clk 0:00:01]}  Rxe5 {[%clk 0:01:25]} 41. Rd1 {[%clk 0:00:02]}  Re6 {[%clk 0:01:22]} 42. Rd4 {[%clk 0:00:02]}  Kf6 {[%clk 0:01:21]} 43. Kg2 {[%clk 0:00:03]}  Ke5 {[%clk 0:01:22]} 44. Rc4 {[%clk 0:00:03]}  c5 {[%clk 0:01:22]} 45. Kf3 {[%clk 0:00:04]}  Rf6+ {[%clk 0:01:22]} 46. Ke2 {[%clk 0:00:04]}  g5 {[%clk 0:01:21]} 47. b4 {[%clk 0:00:04]}  cxb4 {[%clk 0:01:20]} 48. Rxb4 {[%clk 0:00:05]}  g4 {[%clk 0:01:20]} 49. Rb6 {[%clk 0:00:04]}  Rf3 {[%clk 0:01:15]} 50. Rxa6 {[%clk 0:00:04]}  Rxg3 {[%clk 0:01:15]} 51. a5 {[%clk 0:00:03]}  Rc3 {[%clk 0:01:13]} 52. Kd2 {[%clk 0:00:03]}  Ra3 {[%clk 0:01:13]} 53. Ra8 {[%clk 0:00:03]}  Kxe4 {[%clk 0:01:12]} 54. Ke2 {[%clk 0:00:03]}  Ra2 {[%clk 0:01:11]} 55. a6 {[%clk 0:00:01]}  Rxc2+ {[%clk 0:01:11]} 56. Ke1 {[%clk 0:00:01]}  Ra2 {[%clk 0:01:11]} 57. a7 {[%clk 0:00:01]}  Kf4 {[%clk 0:01:11]} 58. Kf1 {[%clk 0:00:01]}  f5 {[%clk 0:01:11]} 59. Kg1 {[%clk 0:00:01]}  d5 {[%clk 0:01:11]} 60. Rd8 {[%clk 0:00:01]}  Rxa7 {[%clk 0:01:10]} 61. Rxd5 {[%clk 0:00:02]}  Ra2 {[%clk 0:01:10]} 62. Rd4+ {[%clk 0:00:02]}  Kg5 {[%clk 0:01:09]} 63. Rd8 {[%clk 0:00:02]}  g3 {[%clk 0:01:09]} 64. Rd1 {[%clk 0:00:00]}  Kg4 {[%clk 0:01:09]} 0-1

[Event "April 9 Early 2024"]
[Site "Chess.com"]
[Date "2024.04.09"]
[Round "11"]
[White "Shandrygin, Nikita"]
[Black "Hernando Rodrigo, Julio Antonio"]
[Result "1-0"]
[Board "57"]
[WhiteFideId "24198668"]
[BlackFideId "2208350"]
[WhiteTitle "FM"]
[BlackTitle "IM"]
[WhiteElo "2661"]
[BlackElo "2564"]
[WhiteTeam "RUS"]
[BlackTeam "ESP"]
[WhiteClock "0:00:09"]
[BlackClock "0:00:00"]
[Variant "Standard"]

1. e4 {[%clk 0:03:00]}  e6 {[%clk 0:02:59]} 2. d4 {[%clk 0:03:00]}  d5 {[%clk 0:03:00]} 3. Nd2 {[%clk 0:03:01]}  c5 {[%clk 0:03:00]} 4. exd5 {[%clk 0:03:01]}  exd5 {[%clk 0:03:01]} 5. Ngf3 {[%clk 0:02:55]}  Nc6 {[%clk 0:03:01]} 6. Bb5 {[%clk 0:02:48]}  Bd6 {[%clk 0:03:01]} 7. O-O {[%clk 0:02:45]}  Ne7 {[%clk 0:02:58]} 8. dxc5 {[%clk 0:02:45]}  Bxc5 {[%clk 0:02:59]} 9. Nb3 {[%clk 0:02:46]}  Bd6 {[%clk 0:02:59]} 10. h3 {[%clk 0:02:40]}  O-O {[%clk 0:03:00]} 11. Re1 {[%clk 0:02:34]}  Bf5 {[%clk 0:02:57]} 12. Nfd4 {[%clk 0:02:30]}  Be4 {[%clk 0:02:56]} 13. Bd3 {[%clk 0:02:25]}  Bg6 {[%clk 0:02:45]} 14. c3 {[%clk 0:02:18]}  Nxd4 {[%clk 0:02:43]} 15. Nxd4 {[%clk 0:02:18]}  Nc6 {[%clk 0:02:43]} 16. Bxg6 {[%clk 0:02:15]}  hxg6 {[%clk 0:02:44]} 17. Be3 {[%clk 0:02:11]}  Qf6 {[%clk 0:02:33]} 18. Qf3 {[%clk 0:02:04]}  Be5 {[%clk 0:02:06]} 19. Rad1 {[%clk 0:01:27]}  Rfe8 {[%clk 0:01:54]} 20. Qxf6 {[%clk 0:01:09]}  gxf6 {[%clk 0:01:52]} 21. Kf1 {[%clk 0:01:07]}  f5 {[%clk 0:01:39]} 22. Nf3 {[%clk 0:01:02]}  Rad8 {[%clk 0:01:34]} 23. Bg5 {[%clk 0:01:01]}  Rd6 {[%clk 0:01:04]} 24. Re2 {[%clk 0:00:32]}  f6 {[%clk 0:01:01]} 25. Be3 {[%clk 0:00:33]}  b6 {[%clk 0:00:51]} 26. Nh4 {[%clk 0:00:32]}  Kf7 {[%clk 0:00:36]} 27. f4 {[%clk 0:00:31]}  Bxf4 {[%clk 0:00:28]} 28. Bxf4 {[%clk 0:00:29]}  Rxe2 {[%clk 0:00:28]} 29. Kxe2 {[%clk 0:00:29]}  Re6+ {[%clk 0:00:28]} 30. Kf2 {[%clk 0:00:25]}  g5 {[%clk 0:00:29]} 31. Nxf5 {[%clk 0:00:25]}  gxf4 {[%clk 0:00:29]} 32. Rxd5 {[%clk 0:00:25]}  Ne5 {[%clk 0:00:26]} 33. b3 {[%clk 0:00:22]}  Kg6 {[%clk 0:00:22]} 34. Nd4 {[%clk 0:00:22]}  Re8 {[%clk 0:00:19]} 35. Nf3 {[%clk 0:00:16]}  Kf5 {[%clk 0:00:18]} 36. c4 {[%clk 0:00:16]}  Ke4 {[%clk 0:00:17]} 37. Rd4+ {[%clk 0:00:17]}  Kf5 {[%clk 0:00:17]} 38. Rd6 {[%clk 0:00:16]}  Rc8 {[%clk 0:00:14]} 39. Nd4+ {[%clk 0:00:16]}  Ke4 {[%clk 0:00:14]} 40. Ne2 {[%clk 0:00:13]}  b5 {[%clk 0:00:09]} 41. Rd4+ {[%clk 0:00:13]}  Kf5 {[%clk 0:00:09]} 42. Rxf4+ {[%clk 0:00:14]}  Ke6 {[%clk 0:00:09]} 43. Nd4+ {[%clk 0:00:09]}  Kf7 {[%clk 0:00:08]} 44. Nxb5 {[%clk 0:00:08]}  Nd3+ {[%clk 0:00:08]} 45. Kf3 {[%clk 0:00:08]}  Nxf4 {[%clk 0:00:06]} 46. Nd6+ {[%clk 0:00:08]}  Ke6 {[%clk 0:00:06]} 47. Nxc8 {[%clk 0:00:08]}  Nd3 {[%clk 0:00:07]} 48. Nxa7 {[%clk 0:00:09]}  Nc1 {[%clk 0:00:06]} 49. Nb5 {[%clk 0:00:08]}  Nxa2 {[%clk 0:00:06]} 50. h4 {[%clk 0:00:08]}  Nc1 {[%clk 0:00:06]} 51. Nd4+ {[%clk 0:00:08]}  Ke5 {[%clk 0:00:05]} 52. Nc6+ {[%clk 0:00:09]}  Kd6 {[%clk 0:00:05]} 53. h5 {[%clk 0:00:10]}  Kxc6 {[%clk 0:00:04]} 54. h6 {[%clk 0:00:10]}  Nd3 {[%clk 0:00:03]} 55. Ke4 {[%clk 0:00:09]}  Ne5 {[%clk 0:00:03]} 56. Kf5 {[%clk 0:00:09]}  Nf7 {[%clk 0:00:01]} 57. Kxf6 {[%clk 0:00:09]}  Nxh6 {[%clk 0:00:01]} 58. Kg5 {[%clk 0:00:10]}  Nf7+ {[%clk 0:00:01]} 59. Kf5 {[%clk 0:00:10]}  Nd6+ {[%clk 0:00:02]} 60. Kf6 {[%clk 0:00:09]}  Kc5 {[%clk 0:00:03]} 61. g4 {[%clk 0:00:09]}  Ne4+ {[%clk 0:00:03]} 62. Ke5 {[%clk 0:00:08]}  Ng3 {[%clk 0:00:02]} 63. g5 {[%clk 0:00:08]}  Nh5 {[%clk 0:00:02]} 64. g6 {[%clk 0:00:09]}  Kb4 {[%clk 0:00:02]} 65. Ke6 {[%clk 0:00:08]}  Nf4+ {[%clk 0:00:00]} 66. Kf7 {[%clk 0:00:09]} 1-0

[Event "April 9 Early 2024"]
[Site "Chess.com"]
[Date "2024.04.09"]
[Round "11"]
[White "Bournel, Antoine"]
[Black "Sharapov, Evgeny"]
[Result "1-0"]
[Board "58"]
[WhiteFideId "26093553"]
[BlackFideId "14103133"]
[WhiteTitle "IM"]
[BlackTitle "GM"]
[WhiteElo "2562"]
[BlackElo "2661"]
[WhiteTeam "FRA"]
[BlackTeam "UKR"]
[WhiteClock "0:00:04"]
[BlackClock "0:00:04"]
[Variant "Standard"]

1. d4 {[%clk 0:03:00]}  d5 {[%clk 0:02:59]} 2. c4 {[%clk 0:03:00]}  c6 {[%clk 0:02:59]} 3. Nc3 {[%clk 0:02:59]}  Nf6 {[%clk 0:02:59]} 4. Nf3 {[%clk 0:02:58]}  e6 {[%clk 0:02:59]} 5. Bg5 {[%clk 0:02:57]}  Be7 {[%clk 0:02:59]} 6. e3 {[%clk 0:02:56]}  O-O {[%clk 0:02:58]} 7. cxd5 {[%clk 0:02:56]}  Nxd5 {[%clk 0:02:56]} 8. Bxe7 {[%clk 0:02:50]}  Qxe7 {[%clk 0:02:56]} 9. Bc4 {[%clk 0:02:49]}  Nxc3 {[%clk 0:02:55]} 10. bxc3 {[%clk 0:02:49]}  b6 {[%clk 0:02:55]} 11. O-O {[%clk 0:02:47]}  Bb7 {[%clk 0:02:55]} 12. a4 {[%clk 0:02:47]}  c5 {[%clk 0:02:55]} 13. a5 {[%clk 0:02:45]}  Nd7 {[%clk 0:02:54]} 14. Qe2 {[%clk 0:02:39]}  Rfc8 {[%clk 0:02:48]} 15. Rfb1 {[%clk 0:02:37]}  Bxf3 {[%clk 0:02:44]} 16. Qxf3 {[%clk 0:02:35]}  cxd4 {[%clk 0:02:43]} 17. cxd4 {[%clk 0:02:32]}  Rab8 {[%clk 0:02:39]} 18. Ba6 {[%clk 0:02:23]}  Rc3 {[%clk 0:02:29]} 19. Bb5 {[%clk 0:02:13]}  Nf6 {[%clk 0:02:21]} 20. axb6 {[%clk 0:02:01]}  axb6 {[%clk 0:02:13]} 21. g4 {[%clk 0:01:51]}  h6 {[%clk 0:02:08]} 22. Kg2 {[%clk 0:01:49]}  Nd5 {[%clk 0:01:59]} 23. Rb2 {[%clk 0:01:34]}  Qg5 {[%clk 0:01:53]} 24. Qg3 {[%clk 0:01:28]}  Rbc8 {[%clk 0:01:47]} 25. h4 {[%clk 0:01:21]}  Qg6 {[%clk 0:01:41]} 26. g5 {[%clk 0:01:11]}  hxg5 {[%clk 0:01:37]} 27. hxg5 {[%clk 0:00:57]}  Qe4+ {[%clk 0:01:28]} 28. Qf3 {[%clk 0:00:56]}  Qxf3+ {[%clk 0:01:16]} 29. Kxf3 {[%clk 0:00:56]}  g6 {[%clk 0:01:16]} 30. Ra7 {[%clk 0:00:49]}  R3c7 {[%clk 0:01:12]} 31. Ra6 {[%clk 0:00:37]}  Rc2 {[%clk 0:01:01]} 32. Rxc2 {[%clk 0:00:34]}  Rxc2 {[%clk 0:01:01]} 33. Ra7 {[%clk 0:00:32]}  Rc7 {[%clk 0:00:57]} 34. Ra8+ {[%clk 0:00:31]}  Kg7 {[%clk 0:00:57]} 35. Rb8 {[%clk 0:00:31]}  Rc2 {[%clk 0:00:42]} 36. Rb7 {[%clk 0:00:29]}  Rc7 {[%clk 0:00:38]} 37. Rb8 {[%clk 0:00:30]}  Ra7 {[%clk 0:00:31]} 38. Bc6 {[%clk 0:00:24]}  Ne7 {[%clk 0:00:20]} 39. Be4 {[%clk 0:00:16]}  Ra5 {[%clk 0:00:17]} 40. Rb7 {[%clk 0:00:08]}  Nd5 {[%clk 0:00:13]} 41. Kg4 {[%clk 0:00:05]}  Rb5 {[%clk 0:00:12]} 42. Bxd5 {[%clk 0:00:03]}  exd5 {[%clk 0:00:12]} 43. Kf4 {[%clk 0:00:03]}  Rb2 {[%clk 0:00:11]} 44. f3 {[%clk 0:00:04]}  b5 {[%clk 0:00:08]} 45. e4 {[%clk 0:00:03]}  dxe4 {[%clk 0:00:08]} 46. fxe4 {[%clk 0:00:04]}  b4 {[%clk 0:00:09]} 47. d5 {[%clk 0:00:04]}  b3 {[%clk 0:00:10]} 48. Ke5 {[%clk 0:00:03]}  Rg2 {[%clk 0:00:08]} 49. Rxb3 {[%clk 0:00:03]}  Rxg5+ {[%clk 0:00:07]} 50. Kd6 {[%clk 0:00:03]}  Rg4 {[%clk 0:00:06]} 51. e5 {[%clk 0:00:03]}  Re4 {[%clk 0:00:06]} 52. Rb7 {[%clk 0:00:01]}  Kg8 {[%clk 0:00:04]} 53. Rb8+ {[%clk 0:00:01]}  Kg7 {[%clk 0:00:04]} 54. e6 {[%clk 0:00:02]}  fxe6 {[%clk 0:00:04]} 55. dxe6 {[%clk 0:00:03]}  g5 {[%clk 0:00:04]} 56. e7 {[%clk 0:00:02]}  Kf7 {[%clk 0:00:02]} 57. Rf8+ {[%clk 0:00:02]}  Kg6 {[%clk 0:00:02]} 58. e8=Q+ {[%clk 0:00:02]}  Rxe8 {[%clk 0:00:02]} 59. Rxe8 {[%clk 0:00:03]}  Kf5 {[%clk 0:00:02]} 60. Kd5 {[%clk 0:00:03]}  Kf4 {[%clk 0:00:03]} 61. Kd4 {[%clk 0:00:03]}  Kf3 {[%clk 0:00:03]} 62. Kd3 {[%clk 0:00:02]}  g4 {[%clk 0:00:03]} 63. Rf8+ {[%clk 0:00:03]}  Kg2 {[%clk 0:00:03]} 64. Ke2 {[%clk 0:00:03]}  g3 {[%clk 0:00:04]} 65. Rg8 {[%clk 0:00:02]}  Kh2 {[%clk 0:00:04]} 66. Kf3 {[%clk 0:00:01]}  g2 {[%clk 0:00:04]} 67. Rxg2+ {[%clk 0:00:02]}  Kh1 {[%clk 0:00:04]} 68. Rg8 {[%clk 0:00:03]}  Kh2 {[%clk 0:00:04]} 69. Rg7 {[%clk 0:00:03]}  Kh1 {[%clk 0:00:04]} 70. Kf2 {[%clk 0:00:03]}  Kh2 {[%clk 0:00:04]} 71. Rh7# {[%clk 0:00:04]} 1-0

[Event "April 9 Early 2024"]
[Site "Chess.com"]
[Date "2024.04.09"]
[Round "11"]
[White "Vlassov, Nikolai"]
[Black "Williams, Simon K"]
[Result "0-1"]
[Board "59"]
[WhiteFideId "4103360"]
[BlackFideId "404454"]
[WhiteTitle "IM"]
[BlackTitle "GM"]
[WhiteElo "2560"]
[BlackElo "2653"]
[WhiteTeam "FID"]
[BlackTeam "ENG"]
[WhiteClock "0:00:00"]
[BlackClock "0:00:05"]
[Variant "Standard"]

1. e4 {[%clk 0:03:00]}  d6 {[%clk 0:02:56]} 2. f4 {[%clk 0:03:00]}  d5 {[%clk 0:02:55]} 3. exd5 {[%clk 0:03:00]}  Nf6 {[%clk 0:02:54]} 4. Bb5+ {[%clk 0:02:59]}  c6 {[%clk 0:02:49]} 5. dxc6 {[%clk 0:02:59]}  Nxc6 {[%clk 0:02:45]} 6. Nf3 {[%clk 0:02:59]}  Bg4 {[%clk 0:02:41]} 7. h3 {[%clk 0:02:52]}  Bxf3 {[%clk 0:02:38]} 8. Qxf3 {[%clk 0:02:52]}  e6 {[%clk 0:02:38]} 9. Bxc6+ {[%clk 0:02:52]}  bxc6 {[%clk 0:02:38]} 10. Qxc6+ {[%clk 0:02:52]}  Nd7 {[%clk 0:02:38]} 11. Nc3 {[%clk 0:02:51]}  Bc5 {[%clk 0:02:37]} 12. Qf3 {[%clk 0:02:43]}  O-O {[%clk 0:02:32]} 13. d3 {[%clk 0:02:42]}  Qb6 {[%clk 0:02:29]} 14. Kf1 {[%clk 0:02:34]}  e5 {[%clk 0:02:12]} 15. f5 {[%clk 0:02:34]}  Nf6 {[%clk 0:02:06]} 16. g4 {[%clk 0:02:30]}  Rfe8 {[%clk 0:01:55]} 17. g5 {[%clk 0:02:20]}  e4 {[%clk 0:01:54]} 18. dxe4 {[%clk 0:02:19]}  Nd7 {[%clk 0:00:58]} 19. Kg2 {[%clk 0:02:08]}  Ne5 {[%clk 0:00:58]} 20. Qg3 {[%clk 0:02:05]}  Bd4 {[%clk 0:00:55]} 21. Nd5 {[%clk 0:02:00]}  Qb5 {[%clk 0:00:49]} 22. Re1 {[%clk 0:01:56]}  Rac8 {[%clk 0:00:38]} 23. c3 {[%clk 0:01:55]}  Bb6 {[%clk 0:00:38]} 24. a4 {[%clk 0:01:39]}  Qc4 {[%clk 0:00:36]} 25. a5 {[%clk 0:01:28]}  Nd3 {[%clk 0:00:29]} 26. Nf6+ {[%clk 0:00:52]}  Kh8 {[%clk 0:00:24]} 27. Nxe8 {[%clk 0:00:52]}  Bf2 {[%clk 0:00:16]} 28. Qxf2 {[%clk 0:00:45]}  Nxf2 {[%clk 0:00:16]} 29. Nd6 {[%clk 0:00:45]}  Qc6 {[%clk 0:00:12]} 30. Nxc8 {[%clk 0:00:40]}  Nd3 {[%clk 0:00:11]} 31. Ne7 {[%clk 0:00:35]}  Nxe1+ {[%clk 0:00:09]} 32. Kf1 {[%clk 0:00:35]}  Qxe4 {[%clk 0:00:10]} 33. f6 {[%clk 0:00:27]}  gxf6 {[%clk 0:00:09]} 34. gxf6 {[%clk 0:00:28]}  Nd3 {[%clk 0:00:10]} 35. Bh6 {[%clk 0:00:23]}  Qf3+ {[%clk 0:00:09]} 36. Kg1 {[%clk 0:00:24]}  Qxf6 {[%clk 0:00:10]} 37. Be3 {[%clk 0:00:20]}  Qxe7 {[%clk 0:00:09]} 38. Bd4+ {[%clk 0:00:20]}  f6 {[%clk 0:00:09]} 39. Rf1 {[%clk 0:00:19]}  Ne5 {[%clk 0:00:08]} 40. b4 {[%clk 0:00:18]}  Qe6 {[%clk 0:00:09]} 41. Kh2 {[%clk 0:00:16]}  Kg7 {[%clk 0:00:09]} 42. b5 {[%clk 0:00:15]}  Kf7 {[%clk 0:00:09]} 43. Bxa7 {[%clk 0:00:15]}  Qa2+ {[%clk 0:00:08]} 44. Bf2 {[%clk 0:00:12]}  Nd3 {[%clk 0:00:06]} 45. Kg3 {[%clk 0:00:10]}  Nxf2 {[%clk 0:00:06]} 46. Rxf2 {[%clk 0:00:10]}  Qxa5 {[%clk 0:00:07]} 47. c4 {[%clk 0:00:10]}  Qc7+ {[%clk 0:00:06]} 48. Rf4 {[%clk 0:00:10]}  Ke6 {[%clk 0:00:05]} 49. Kf3 {[%clk 0:00:10]}  f5 {[%clk 0:00:05]} 50. h4 {[%clk 0:00:10]}  Ke5 {[%clk 0:00:05]} 51. h5 {[%clk 0:00:08]}  h6 {[%clk 0:00:05]} 52. Rh4 {[%clk 0:00:06]}  Qc5 {[%clk 0:00:05]} 53. Kg2 {[%clk 0:00:04]}  Qa3 {[%clk 0:00:05]} 54. Rh3 {[%clk 0:00:02]}  Qb2+ {[%clk 0:00:05]} 55. Kh1 {[%clk 0:00:00]}  f4 {[%clk 0:00:05]} 0-1

[Event "April 9 Early 2024"]
[Site "Chess.com"]
[Date "2024.04.09"]
[Round "11"]
[White "Shuvalov, Evgenij"]
[Black "Hubbard, Andrew"]
[Result "1-0"]
[Board "65"]
[WhiteFideId "4187237"]
[BlackFideId "2031787"]
[BlackTitle "FM"]
[WhiteElo "2633"]
[BlackElo "2435"]
[WhiteTeam "FID"]
[BlackTeam "USA"]
[WhiteClock "0:00:05"]
[BlackClock "0:00:00"]
[Variant "Standard"]

1. d4 {[%clk 0:03:00]}  Nf6 {[%clk 0:02:59]} 2. c4 {[%clk 0:03:00]}  e6 {[%clk 0:02:59]} 3. Nf3 {[%clk 0:02:59]}  b6 {[%clk 0:02:59]} 4. g3 {[%clk 0:02:58]}  Ba6 {[%clk 0:02:59]} 5. b3 {[%clk 0:02:58]}  Bb4+ {[%clk 0:02:59]} 6. Bd2 {[%clk 0:02:58]}  Be7 {[%clk 0:02:59]} 7. Nc3 {[%clk 0:02:58]}  c6 {[%clk 0:02:57]} 8. e4 {[%clk 0:02:58]}  d5 {[%clk 0:02:57]} 9. cxd5 {[%clk 0:02:54]}  Bxf1 {[%clk 0:02:55]} 10. Kxf1 {[%clk 0:02:54]}  cxd5 {[%clk 0:02:50]} 11. e5 {[%clk 0:02:54]}  Nfd7 {[%clk 0:02:41]} 12. h4 {[%clk 0:02:52]}  Nc6 {[%clk 0:02:37]} 13. Rc1 {[%clk 0:02:46]}  Rc8 {[%clk 0:02:36]} 14. Kg2 {[%clk 0:02:45]}  f6 {[%clk 0:02:32]} 15. exf6 {[%clk 0:02:41]}  Bxf6 {[%clk 0:02:33]} 16. Qe2 {[%clk 0:02:30]}  Qe7 {[%clk 0:02:09]} 17. Bg5 {[%clk 0:02:11]}  O-O {[%clk 0:02:06]} 18. Rhe1 {[%clk 0:02:04]}  Rce8 {[%clk 0:02:02]} 19. Nb5 {[%clk 0:01:49]}  Ndb8 {[%clk 0:01:46]} 20. Bxf6 {[%clk 0:01:40]}  Rxf6 {[%clk 0:01:38]} 21. Ne5 {[%clk 0:01:38]}  Ref8 {[%clk 0:00:39]} 22. Nxc6 {[%clk 0:01:18]}  Nxc6 {[%clk 0:00:37]} 23. Rxc6 {[%clk 0:01:19]}  Rxf2+ {[%clk 0:00:36]} 24. Qxf2 {[%clk 0:01:19]}  Rxf2+ {[%clk 0:00:35]} 25. Kxf2 {[%clk 0:01:20]}  Qb4 {[%clk 0:00:25]} 26. Nc3 {[%clk 0:00:23]}  Qxd4+ {[%clk 0:00:22]} 27. Kg2 {[%clk 0:00:23]}  Qd2+ {[%clk 0:00:15]} 28. Re2 {[%clk 0:00:24]}  Qd3 {[%clk 0:00:11]} 29. Rexe6 {[%clk 0:00:17]}  d4 {[%clk 0:00:09]} 30. Re7 {[%clk 0:00:12]}  h6 {[%clk 0:00:07]} 31. Ne4 {[%clk 0:00:08]}  Qe2+ {[%clk 0:00:06]} 32. Kh3 {[%clk 0:00:07]}  Qf1+ {[%clk 0:00:06]} 33. Kh2 {[%clk 0:00:08]}  Qe2+ {[%clk 0:00:06]} 34. Kg1 {[%clk 0:00:07]}  Qe1+ {[%clk 0:00:05]} 35. Kg2 {[%clk 0:00:08]}  Qe2+ {[%clk 0:00:05]} 36. Kh3 {[%clk 0:00:07]}  Qf1+ {[%clk 0:00:05]} 37. Kg4 {[%clk 0:00:06]}  Qe2+ {[%clk 0:00:05]} 38. Kf4 {[%clk 0:00:06]}  Qe3+ {[%clk 0:00:05]} 39. Ke5 {[%clk 0:00:06]}  d3 {[%clk 0:00:04]} 40. Rd6 {[%clk 0:00:06]}  Qf3 {[%clk 0:00:03]} 41. Red7 {[%clk 0:00:06]}  Qh5+ {[%clk 0:00:00]} 42. Kf4 {[%clk 0:00:05]} 1-0

[Event "April 9 Early 2024"]
[Site "Chess.com"]
[Date "2024.04.09"]
[Round "11"]
[White "Gabrielian, Artur"]
[Black "Daaevik Wadhawan"]
[Result "1-0"]
[Board "69"]
[WhiteFideId "4131002"]
[BlackFideId "45015724"]
[WhiteTitle "GM"]
[BlackTitle "FM"]
[WhiteElo "2761"]
[BlackElo "2594"]
[WhiteTeam "RUS"]
[BlackTeam "IND"]
[WhiteClock "0:00:59"]
[BlackClock "0:00:10"]
[Variant "Standard"]

1. Nf3 {[%clk 0:03:00]}  Nf6 {[%clk 0:02:56]} 2. g3 {[%clk 0:03:00]}  b6 {[%clk 0:02:51]} 3. Bg2 {[%clk 0:03:00]}  Bb7 {[%clk 0:02:52]} 4. O-O {[%clk 0:02:59]}  e6 {[%clk 0:02:53]} 5. d3 {[%clk 0:03:00]}  Be7 {[%clk 0:02:53]} 6. e4 {[%clk 0:03:00]}  O-O {[%clk 0:02:46]} 7. e5 {[%clk 0:02:58]}  Ne8 {[%clk 0:02:42]} 8. d4 {[%clk 0:02:54]}  f5 {[%clk 0:02:38]} 9. c4 {[%clk 0:02:52]}  d6 {[%clk 0:02:22]} 10. Nc3 {[%clk 0:02:45]}  Nd7 {[%clk 0:02:16]} 11. Re1 {[%clk 0:02:32]}  dxe5 {[%clk 0:02:11]} 12. Nxe5 {[%clk 0:02:18]}  Bxg2 {[%clk 0:02:10]} 13. Kxg2 {[%clk 0:02:17]}  Nxe5 {[%clk 0:02:08]} 14. dxe5 {[%clk 0:02:17]}  g5 {[%clk 0:01:51]} 15. Qf3 {[%clk 0:02:13]}  Ng7 {[%clk 0:01:50]} 16. Qc6 {[%clk 0:02:09]}  Bc5 {[%clk 0:01:11]} 17. Rd1 {[%clk 0:01:57]}  Qe7 {[%clk 0:01:07]} 18. Rd7 {[%clk 0:01:57]}  Qe8 {[%clk 0:01:00]} 19. Qxc7 {[%clk 0:01:55]}  Qg6 {[%clk 0:00:57]} 20. Rxg7+ {[%clk 0:01:14]}  Qxg7 {[%clk 0:00:57]} 21. Qxg7+ {[%clk 0:01:14]}  Kxg7 {[%clk 0:00:58]} 22. Bxg5 {[%clk 0:01:14]}  Bd4 {[%clk 0:00:44]} 23. Bf6+ {[%clk 0:01:14]}  Rxf6 {[%clk 0:00:30]} 24. exf6+ {[%clk 0:01:14]}  Kxf6 {[%clk 0:00:31]} 25. Rc1 {[%clk 0:01:12]}  Rd8 {[%clk 0:00:20]} 26. Rd1 {[%clk 0:01:12]}  Ke7 {[%clk 0:00:19]} 27. Nd5+ {[%clk 0:01:02]}  exd5 {[%clk 0:00:19]} 28. Rxd4 {[%clk 0:01:02]}  dxc4 {[%clk 0:00:20]} 29. Rxc4 {[%clk 0:01:03]}  Rd2 {[%clk 0:00:18]} 30. Rc7+ {[%clk 0:01:03]}  Kf6 {[%clk 0:00:14]} 31. Rxh7 {[%clk 0:00:59]}  a5 {[%clk 0:00:10]} 32. Rh6+ {[%clk 0:00:59]} 1-0